Uchirtaĭ inėėd : khoshin shog zurgiĭn tu̇u̇vėr /
Chiefly cartoon illustrations.
Saved in:
| Main Author: | |
|---|---|
| Format: | Book |
| Language: | Mongolian |
| Published: |
Ulaanbaatar :
Interpress Khėvlėliĭn Gazar,
2001.
|
| Subjects: | |
| Tags: |
Add Tag
No Tags, Be the first to tag this record!
|
| LEADER | 01187nam a22003495a 4500 | ||
|---|---|---|---|
| 001 | 009358526-8 | ||
| 005 | 20040510142004.0 | ||
| 008 | 010629s2001 mp a 000 0 mon | ||
| 010 | |a 2001362781 | ||
| 020 | |z 9992921188 | ||
| 025 | |a Mn-Mon-2001-362781; 07 | ||
| 035 | 0 | |a ocm53020420 | |
| 037 | |b Library of Congress -- New Delhi Field Office |c 11000.00to | ||
| 040 | |a DLC |c DLC | ||
| 041 | 0 | |a moneng | |
| 042 | |a lcode | ||
| 043 | |a a-mp--- | ||
| 050 | 0 | 0 | |a NC1764.5.M65 |b T76 2001 |
| 100 | 1 | |a T︠S︡ogtbai︠a︡r, Samandariĭn, |d 1964- | |
| 245 | 1 | 0 | |a Uchirtaĭ inėėd : |b khoshin shog zurgiĭn tu̇u̇vėr / |c Samandariĭn T︠S︡ogtbai︠a︡r = Best cartoon collection / Samandariin Tsogtbayar. |
| 246 | 3 | 1 | |a Best cartoon collection |
| 260 | |a Ulaanbaatar : |b Interpress Khėvlėliĭn Gazar, |c 2001. | ||
| 300 | |a 313 p. : |b ill. ; |c 22 cm. | ||
| 546 | |a Mongolian and English. | ||
| 520 | |a Chiefly cartoon illustrations. | ||
| 650 | 0 | |a Cartooning |z Mongolia. | |
| 650 | 0 | |a Cartoon characters |z Mongoia. | |
| 650 | 0 | |a Cartooning |x Technique |z Mongolia. | |
| 650 | 0 | |a Cartooning |z Mongolia |x Technique. | |
| 752 | |a Mongolia |d Ulaanbaatar. | ||
| 988 | |a 20040510 | ||
| 906 | |0 DLC | ||


